• 首页
  • 本馆介绍
  • 公告通知
  • 最新文献
  • 馆藏检索
  • 电子资源
  • 读者导购
  • 参考咨询
  • 我的图书馆
  • 登录
  • 详细信息显示
  • 放入我的书架
  • 预约/预借图书
  • 作者相关作品
  • 分类相关作品
  • 丛书相关作品
  • 出版社相关作品

书目信息

  • 表格格式
  • 工作单格式
  • 卡片格式
题名:
现代人力资源服务实践与研究
    
 
作者: ;慧博研究院 编写
分册:  
出版信息: 北京   中国劳动社会保障出版社  2016
页数: 320页
开本: 24cm
丛书名:
单 册:
中图分类: F249.21
科图分类:
主题词: 人力资源--服务业--研究--中国
电子资源:
ISBN: 978-7-5167-2610-5
000 00874nam0 2200229 450
001 012001004532
005 20140928162349.0
010    @a978-7-5167-2610-5@dCNY48.00
100    @a20161019d2016 kemy0chiy50 ea
101 0  @achi
102    @aCN@b110000
105    @ay z 000yy
106    @ar
200 1  @a现代人力资源服务实践与研究@9xian dai ren li zi yuan fu wu shi jian yu yan jiu@f慧博研究院编写
210    @a北京@c中国劳动社会保障出版社@d2016
215    @a320页@d24cm
330    @a本书分为人力资源管理实务、人力资源管理机制建设、人务资源管理创新与研究3个部分,收录《从业务流程到岗位说明书的编制》《如何梳理明确招聘需求》《企业如何确定中高端岗位招聘的核心需求》等文章。
606 0  @a人力资源@x服务业@x研究@y中国
690    @aF249.21@v5
711 02 @a慧博研究院@9hui bo yan jiu yuan@4编写
801  0 @aCN@b上海新华@c20180901
905    @b1170877-81@dF249.21@e150@f5
    
    现代人力资源服务实践与研究/慧博研究院编写.-北京:中国劳动社会保障出版社,2016
    320页;24cm
    
    
    ISBN 978-7-5167-2610-5:CNY48.00
    本书分为人力资源管理实务、人力资源管理机制建设、人务资源管理创新与研究3个部分,收录《从业务流程到岗位说明书的编制》《如何梳理明确招聘需求》《企业如何确定中高端岗位招聘的核心需求》等文章。
●
相关链接 在E读中查询图书 在五车中查询图书 在当当中查询图书 在豆瓣中查询图书


正题名:现代人力资源服务实践与研究     索取号:F249.21/150         预约/预借

序号 登录号 条形码 馆藏地/架位号 状态 备注
1 1170877   211708776   第一样本阅览室/ [索取号:F249.21/150] 在馆    
2 1170878   211708785   密集书库-海洋学院/ [索取号:F249.21/150] 在馆    
3 1170879   211708794   第一借阅区/ [索取号:F249.21/150] 在馆    
4 1170880   211708801   第一借阅区/ [索取号:F249.21/150] 在馆    
5 1170881   211708810   第一借阅区/ [索取号:F249.21/150] 在馆    
唐山师范学院图书馆 欢迎您!
大连网信软件有限公司© 版权所有